Library Banner

Renewable energy (Record no. 56207)

MARC details
000 -LEADER
fixed length control field 00552nam a2200193Ia 4500
001 - CONTROL NUMBER
control field 58950
008 - FIXED-LENGTH DATA ELEMENTS--GENERAL INFORMATION
fixed length control field 140507s9999 xx 000 0 und d
020 ## - INTERNATIONAL STANDARD BOOK NUMBER
International Standard Book Number 9783527411870
040 ## - CATALOGING SOURCE
Transcribing agency PK-LaUMT
082 ## - DEWEY DECIMAL CLASSIFICATION NUMBER
Classification number 621.042
Item number REN-
100 ## - MAIN ENTRY--PERSONAL NAME
Personal name Wengenmayr, Ronald
245 ## - TITLE STATEMENT
Title Renewable energy
Remainder of title sustainable concepts for the energy change
Statement of responsibility, etc Wengenmayr, Ronald<>Buhrke, Thomas
260 ## - PUBLICATION, DISTRIBUTION, ETC. (IMPRINT)
Place of publication, distribution, etc Schetzingen,Germany:
Name of publisher, distributor, etc Wiley-VCH Verlag GmbH,
Date of publication, distribution, etc 2013
300 ## - PHYSICAL DESCRIPTION
Extent 164 p.
546 ## - LANGUAGE NOTE
Language note EN
650 ## - SUBJECT ADDED ENTRY--TOPICAL TERM
Topical term or geographic name as entry element Renewable energy
700 ## - ADDED ENTRY--PERSONAL NAME
Personal name Buhrke, Thomas
942 ## - ADDED ENTRY ELEMENTS (KOHA)
Koha item type Books
Holdings
Withdrawn status Lost status Damaged status Not for loan Home library Current library Date acquired Total Checkouts Full call number Barcode Date last seen Price effective from Koha item type
        UMT Main Campus UMT Main Campus 2014-05-07   621.042 REN- 77247 2014-05-08 2014-05-08 Books